<?xml version="1.0" encoding="UTF-8"?>
<record
    xmlns:xsi="http://www.w3.org/2001/XMLSchema-instance"
    xsi:schemaLocation="http://www.loc.gov/MARC21/slim http://www.loc.gov/standards/marcxml/schema/MARC21slim.xsd"
    xmlns="http://www.loc.gov/MARC21/slim">

  <leader>03400nam a2200517Ii 4500</leader>
  <controlfield tag="001">DIGEDIUOC576</controlfield>
  <controlfield tag="003">NyNyDIG</controlfield>
  <controlfield tag="008">160927s2014    sp      ob    000 0 spa d</controlfield>
  <controlfield tag="006">m     o  d        </controlfield>
  <controlfield tag="007">cr |||||||||||</controlfield>
  <datafield tag="035" ind1=" " ind2=" ">
    <subfield code="a">(OCoLC)922644163</subfield>
  </datafield>
  <datafield tag="040" ind1=" " ind2=" ">
    <subfield code="a">DGITA</subfield>
    <subfield code="b">eng</subfield>
    <subfield code="e">rda</subfield>
    <subfield code="e">pn</subfield>
    <subfield code="c">DGITA</subfield>
  </datafield>
  <datafield tag="020" ind1=" " ind2=" ">
    <subfield code="a">9788490642399</subfield>
    <subfield code="q">(eBook ;</subfield>
    <subfield code="q">pdf)</subfield>
  </datafield>
  <datafield tag="020" ind1=" " ind2=" ">
    <subfield code="a">8490642397</subfield>
    <subfield code="q">(eBook ;</subfield>
    <subfield code="q">pdf)</subfield>
  </datafield>
  <datafield tag="020" ind1=" " ind2=" ">
    <subfield code="z">9788490642375</subfield>
  </datafield>
  <datafield tag="020" ind1=" " ind2=" ">
    <subfield code="z">8490642370</subfield>
  </datafield>
  <datafield tag="041" ind1="0" ind2=" ">
    <subfield code="a">spa</subfield>
    <subfield code="a">eng</subfield>
    <subfield code="a">por</subfield>
  </datafield>
  <datafield tag="050" ind1="1" ind2="4">
    <subfield code="a">PN4784.O62 eBook</subfield>
  </datafield>
  <datafield tag="082" ind1="0" ind2="4">
    <subfield code="a">070.4</subfield>
    <subfield code="2">23</subfield>
  </datafield>
  <datafield tag="245" ind1="0" ind2="0">
    <subfield code="a">Periodismo transmedia :</subfield>
    <subfield code="b">miradas m&#xFA;ltiples /</subfield>
    <subfield code="c">Denis Ren&#xF3;, Carolina Campalans, Sandra Ruiz, Vicente Gosciola, editores acad&#xE9;micos.</subfield>
  </datafield>
  <datafield tag="264" ind1=" " ind2="1">
    <subfield code="a">Barcelona :</subfield>
    <subfield code="b">Editorial UOC ;</subfield>
    <subfield code="a">Barranquilla (Colombia) :</subfield>
    <subfield code="b">Universidad del Rosario,</subfield>
    <subfield code="c">[2014]</subfield>
  </datafield>
  <datafield tag="300" ind1=" " ind2=" ">
    <subfield code="a">1 online resource.</subfield>
  </datafield>
  <datafield tag="336" ind1=" " ind2=" ">
    <subfield code="a">text</subfield>
    <subfield code="2">rdacontent</subfield>
  </datafield>
  <datafield tag="337" ind1=" " ind2=" ">
    <subfield code="a">computer</subfield>
    <subfield code="b">c</subfield>
    <subfield code="2">rdamedia</subfield>
  </datafield>
  <datafield tag="338" ind1=" " ind2=" ">
    <subfield code="a">online resource</subfield>
    <subfield code="b">cr</subfield>
    <subfield code="2">rdacarrier</subfield>
  </datafield>
  <datafield tag="490" ind1="1" ind2=" ">
    <subfield code="a">Atl&#xE1;ntica de comunicaci&#xF3;n</subfield>
  </datafield>
  <datafield tag="504" ind1=" " ind2=" ">
    <subfield code="a">Includes bibliographical references.</subfield>
  </datafield>
  <datafield tag="505" ind1="0" ind2=" ">
    <subfield code="a">Transmedia journalism and the new media ecology : possible languages / Denis Ren&#xF3; -- O jornalismo como narrativa transm&#xED;dia : reflex&#xF5;es poss&#xED;veis / Elizabeth Gon&#xE7;alves Moraes y Marli dos Santos -- G&#xE9;neros de narrativa transmedia y periodismo / Carolina Campalans y Vicente Gosciola -- Jornalismo transm&#xED;dia : um desafio ao velho ecossistema medi&#xE1;tico / Joao Canavilhas -- Investigaci&#xF3;n transmedi&#xE1;tica y periodismo / Carlos Arcila y Mabel Calder&#xF3;n -- Transmedia storytelling and the possible futures for popular cultural entertainment / Thom Gencarelli -- Transmedia transnational video journalism / Paul Levinson -- El periodismo transmedia desde los medios digitales iberoamericanos : Elias Said-Hung, Max R&#xF6;mer Pieretti y Jorge Valencia-Cobos -- Periodismo de datos en el mundo transmedia / Luciana Ren&#xF3; y Jes&#xFA;s Flores -- Transmedialidad e hipertelevisi&#xF3;n : convergencia tecnol&#xF3;gica y empresarial en la era del capitalismo hip / Jorge Alberto Hidalgo Toledo -- &#xBF;C&#xF3;mo se twittear&#xED;a hoy la llegada del hombre a la luna? : la transformaci&#xF3;n narrativa transmedi&#xE1;tica en la informaci&#xF3;n period&#xED;stica presentada a trav&#xE9;s de Twitter / Danghelly Giovanna Z&#xFA;&#xF1;iga Reyes -- La narrativa transmedia para la representaci&#xF3;n de la realidad / Sandra Ruiz -- Radiograf&#xED;a de la blogosfera ecuatoriana : una mirada glocal / Gabriela Coronel Salas.</subfield>
  </datafield>
  <datafield tag="546" ind1=" " ind2=" ">
    <subfield code="a">In Spanish, with contributions in English and Portuguese.</subfield>
  </datafield>
  <datafield tag="588" ind1="0" ind2=" ">
    <subfield code="a">Online resource; title from PDF title page (Digitalia, viewed September 27, 2016)</subfield>
  </datafield>
  <datafield tag="650" ind1=" " ind2="0">
    <subfield code="a">Online journalism.</subfield>
  </datafield>
  <datafield tag="650" ind1=" " ind2="0">
    <subfield code="a">Intermediality.</subfield>
  </datafield>
  <datafield tag="650" ind1=" " ind2="0">
    <subfield code="a">Convergence (Telecommunication)</subfield>
  </datafield>
  <datafield tag="655" ind1=" " ind2="0">
    <subfield code="a">Electronic books.</subfield>
  </datafield>
  <datafield tag="700" ind1="1" ind2=" ">
    <subfield code="a">Porto, Denis,</subfield>
    <subfield code="e">editor.</subfield>
  </datafield>
  <datafield tag="700" ind1="1" ind2=" ">
    <subfield code="a">Campalans, Carolina,</subfield>
    <subfield code="e">editor.</subfield>
  </datafield>
  <datafield tag="700" ind1="1" ind2=" ">
    <subfield code="a">Ruiz, Sandra,</subfield>
    <subfield code="e">editor.</subfield>
  </datafield>
  <datafield tag="700" ind1="1" ind2=" ">
    <subfield code="a">Gosciola, Vicente,</subfield>
    <subfield code="e">editor.</subfield>
  </datafield>
  <datafield tag="791" ind1="2" ind2=" ">
    <subfield code="a">Digitalia (Firm),</subfield>
    <subfield code="e">distributor.</subfield>
  </datafield>
  <datafield tag="793" ind1="0" ind2=" ">
    <subfield code="g">Digitalia eBook Collection:</subfield>
    <subfield code="a">Universitat Oberta de Catalunya</subfield>
  </datafield>
  <datafield tag="776" ind1="0" ind2="8">
    <subfield code="i">Print version:</subfield>
    <subfield code="t">Periodismo transmedia.</subfield>
    <subfield code="d">Barcelona : Editorial UOC ; Barranquilla, Colombia : Universidad del Rosario, [2014]</subfield>
    <subfield code="z">9788490642375</subfield>
    <subfield code="w">(DLC)  2015404845</subfield>
    <subfield code="w">(OCoLC)879678149</subfield>
  </datafield>
  <datafield tag="830" ind1=" " ind2="0">
    <subfield code="a">Atl&#xE1;ntica de comunicaci&#xF3;n.</subfield>
  </datafield>
  <datafield tag="856" ind1="4" ind2="0">
    <subfield code="3">Digitalia Hisp&#xE1;nica</subfield>
    <subfield code="u">https://www.digitaliapublishing.com/a/36949/</subfield>
  </datafield>
  <datafield tag="910" ind1=" " ind2=" ">
    <subfield code="a">Premium Collection: 2016</subfield>
  </datafield>
  <datafield tag="942" ind1=" " ind2=" ">
    <subfield code="c">RAA</subfield>
  </datafield>
  <datafield tag="952" ind1=" " ind2=" ">
    <subfield code="0">0</subfield>
    <subfield code="1">0</subfield>
    <subfield code="4">0</subfield>
    <subfield code="7">0</subfield>
    <subfield code="8">DEH</subfield>
    <subfield code="a">BD-UIN</subfield>
    <subfield code="b">BD-UIN</subfield>
    <subfield code="d">2025-04-25</subfield>
    <subfield code="l">0</subfield>
    <subfield code="r">2025-04-25</subfield>
    <subfield code="w">2025-04-25</subfield>
    <subfield code="y">RAA</subfield>
  </datafield>
  <datafield tag="999" ind1=" " ind2=" ">
    <subfield code="c">243226</subfield>
    <subfield code="d">243226</subfield>
  </datafield>
</record>
